People Who Lived in the 21st Century - Sudden Death - Statistics

General Stats
  • This quiz has been taken 376 times
  • The average score is 15 of 21
Answers on the Grid
Answers color-coded by a green-red scale on the quiz's grid according to % correct below.
Osama bin Laden
Ronald Reagan
Neil Armstrong
Michael Jackson
Patrick Swayze
Saddam Hussein
Johnny Cash
Nelson Mandela
Pope John Paul II
Katharine Hepburn
Ray Charles
Marlon Brando
Rosa Parks
Augusto Pinochet
Fidel Castro
Margaret Thatcher
J. D. Salinger
Clint Eastwood
Shirley MacLaine
Brigitte Bardot
Julie Andrews
Albert Einstein
John Lennon
Salvador Dalí
Kurt Cobain
Alfred Hitchcock
Diana, Princess of Wales
Grace Kelly
Che Guevara
Agatha Christie
 
Answer Stats
Answer % Correct
1958-2009 Michael Jackson
93%
1957-2011 Osama bin Laden
93%
1918-2013 Nelson Mandela
87%
1937-2006 Saddam Hussein
87%
1930- Clint Eastwood
86%
1930-2012 Neil Armstrong
82%
1926-2016 Fidel Castro
78%
1920-2005 Pope John Paul II
78%
1925-2013 Margaret Thatcher
75%
1932-2003 Johnny Cash
73%
1935- Julie Andrews
73%
1911-2004 Ronald Reagan
73%
1952-2009 Patrick Swayze
72%
1930-2004 Ray Charles
66%
1934- Brigitte Bardot
65%
1913-2005 Rosa Parks
64%
1934- Shirley MacLaine
63%
1924-2004 Marlon Brando
62%
1919-2010 J. D. Salinger
55%
1907-2003 Katharine Hepburn
54%
1915-2006 Augusto Pinochet
48%
No matching quizzes found
Score Distribution
Percent of People with Each Score
Percentile by Number Answered
Your Score History
You have not taken this quiz